000 00300nam a22001337a 4500
008 171018b xxu||||| |||| 00| 0 eng d
020 _a0256036829
041 _aeng
080 _26TH
_a338
100 _a53
101 _aMEN
245 _aFUNDAMENTALS OF MANAGEMENT
_cDONNELLY,J.H
942 _2udc
_cBK
999 _c34744
_d34744